Álbuns da Taylor Swift - Statistics

Estatísticas Gerais
  • Esse quiz foi jogado 1 328 vezes
  • A pontuação média é 9 de 9
Estatísticas das Respostas
n- álbuns % Correto
1 Red (Taylor's version)
97%
5 Lover
96%
8 Speak now
95%
9 Taylor Swift
95%
7 1989
94%
3 Evermore
94%
2 Fearless (Taylor's version)
94%
6 Reputation
94%
4 Folklore
93%
Nenhum quiz correspondente encontrado
Distribuição das Pontuações
Porcentagem de Pessoas com Cada Pontuação
Percentil de Números Respondidos
Sua Pontuação Histórica
Você não jogou esse quiz